Las flores del mall : poemas /
Збережено в:
| Автор: | |
|---|---|
| Формат: | Книга |
| Мова: | Spanish |
| Опубліковано: |
Brooklyn, NY :
Ediciones Alamala,
c2000.
|
| Предмети: | |
| Теги: |
Додати тег
Немає тегів, Будьте першим, хто поставить тег для цього запису!
|
MARC
| LEADER | 00000mam a22000004a 4500 | ||
|---|---|---|---|
| 001 | 2652611 | ||
| 005 | 20150602121301.0 | ||
| 008 | 001116s2000 nyua 000 p spa c | ||
| 040 | |a PBR |c PBR |d GZM |d CRU CIICLA | ||
| 041 | 0 | |a spaeng | |
| 082 | |a PR861.4 |b N769f | ||
| 100 | 1 | |a Noel, Urayoán |d 1976- | |
| 245 | 1 | 4 | |a Las flores del mall : |b poemas / |c Urayoán Noel. |
| 260 | |a Brooklyn, NY : |b Ediciones Alamala, |c c2000. | ||
| 300 | |a 77 páginas: |b ilustraciones | ||
| 650 | 1 | 4 | |a LITERATURA PUERTORRIQUEÑA |v POESIA |
| 942 | |2 ddc |c BK | ||
| 999 | |c 4245 |d 4245 | ||
